000 00873nam a22003257a 4500
001 BR2023000690
003 BR-BrBNA
005 20230628105901.0
008 230614b bl.||||| |||| 00| 0 por d
020 _a978-85-7035-658-1
040 _aBR-BrBNA
_bpor
041 _apor
072 _aQ02 ; Q04 ; S01
_b0336
090 _a0336 BR2023000690
100 _aCarrão-Panizzi, Mercedes Concórdia
100 _aOliveira, Marcelo Alvares
100 _aMandarino, José Marcos Gontijo
110 _aEmbrapa Soja, Londrina, PR (Brazil)
245 _aReceitas com brotos de soja
260 _aBrasília, DF (Brazil)
_bEmbrapa
_c2016
300 _a28 p.
500 _a7 ref.; 5 illus.
650 _aSOJA
650 _aLEGUMINOSA
650 _aBROTO DE SOJA
650 _aNUTRIÇÃO HUMANA
650 _aRECEITA
909 _a202306
_bFernando
942 _cBK
999 _c9365
_d9365